Engineering chemistry (Record no. 32326)

MARC details
000 -LEADER
fixed length control field 00667nam a2200241Ia 4500
005 - DATE & TIME
control field 20260316143149.0
008 - FIXED-LENGTH DATA ELEMENTS--GENERAL INFORMATION
fixed length control field 160330s9999||||xx |||||||||||||| ||und||
020 ## - ISBN
International Standard Book Number 9788123901343
040 ## - CATALOGING SOURCE
Original cataloging agency Central Library-NITS
041 ## - Language
Language English
082 ## - DDC NUMBER
Classification number 540.02462
Book Number Bakshi,S.P
100 ## - MAIN ENTRY--PERSONAL NAME
Personal name S.P.Bakshi
245 ## - TITLE STATEMENT
Title Engineering chemistry
Statement of Resposibility by S.P. Bakshi
260 ## - PUBLICATION, DISTRIBUTION, ETC. (IMPRINT)
Place of publication, distribution, etc New Delhi
Name of publisher, distributor, etc CBS Publishers & Distributors
Date of publication, distribution, etc 2019
300 ## - PHYSICAL DESCRIPTION
Pages VII, 143p. :ill.
365 ## - TRADE PRICE
Price amount 195.00
Currency code
500 ## - GENERAL NOTE
General note Includes index.
650 ## - Subject
Subject Chemistry-Engineering
650 ## - Subject
Subject Engineering chemistry
650 ## - Subject
Subject Polymer chemistry
650 ## - Subject
Subject Sterco chemistry
942 ## - ADDED ENTRY ELEMENTS (KOHA)
Koha item type Books

No items available.

AVIOR TECHNOLOGIES PVT. LTD.
sales@aviortechnologies.co.in


Visitor Counter

Powered by Koha